| 000 | 01867nam a22004457a 4500 | ||
|---|---|---|---|
| 001 | 1800 | ||
| 005 | 20241216141153.0 | ||
| 020 | _a9780007453580 | ||
| 020 | _a9780062417046 | ||
| 040 |
_aYDXCP _beng _cYDXCP _erda _dBDX _dOCLCQ _dFOLLT _dOCLCO _dMZ7 _dOCLCF _dOCLCO _dZHB _dIXA _dDLC _dFISKH |
||
| 050 | 0 | 0 |
_aPZ7.W1593357 _bDem 2016 |
| 082 | 0 | 4 |
_a[Fic] _223 |
| 100 | 1 |
_aWalliams, David, _d1971- _eauthor. |
|
| 245 | 1 | 0 |
_aDemon dentist / _cDavid Walliams ; illustrated by Tony Ross. |
| 260 |
_aLondon, _bHarperCollins, _c2013 |
||
| 300 |
_a443 pages : _billustrations ; _c22 cm |
||
| 505 | _aM | ||
| 520 | 8 | _aDarkness had come to the town. Strange things were happening in the dead of night. Children would put a tooth under their pillow for the tooth fairy, but in the morning they would wake up to find a dead slug; a live spider; hundreds of earwigs creeping and crawling beneath their pillow. Evil was at work. But who or what was behind it? | |
| 521 | 1 |
_a670
_bLexile |
|
| 521 | 1 |
_aM
_bRaz-Plus |
|
| 650 | 0 |
_aDentists _vJuvenile fiction. |
|
| 650 | 0 |
_aTeeth _vJuvenile fiction. |
|
| 650 | 0 |
_aSingle-parent families _vJuvenile fiction. |
|
| 650 | 0 |
_aFear _vJuvenile fiction. |
|
| 650 | 1 |
_aDentists _vFiction. |
|
| 650 | 1 |
_aTeeth _vFiction. |
|
| 650 | 1 |
_aSingle-parent families _vFiction. |
|
| 650 | 1 |
_aFear _vFiction. |
|
| 650 | 7 |
_aDentists. _2fast _0(OCoLC)fst00890717 |
|
| 650 | 7 |
_aFear. _2fast _0(OCoLC)fst00922034 |
|
| 650 | 7 |
_aSingle-parent families. _2fast _0(OCoLC)fst01119481 |
|
| 650 | 7 |
_aTeeth. _2fast _0(OCoLC)fst01145710 |
|
| 655 | 7 |
_aFiction. _2fast _0(OCoLC)fst01423787 |
|
| 655 | 7 |
_aHumorous fiction. _2fast _0(OCoLC)fst01726649 |
|
| 655 | 7 |
_aJuvenile works. _2fast _0(OCoLC)fst01411637 |
|
| 655 | 7 |
_aHumorous fiction. _2lcgft |
|
| 700 | 1 |
_aRoss, Tony, _eillustrator. |
|
| 906 |
_a7 _bcbc _ccopycat _d2 _encip _f20 _gy-gencatlg |
||
| 942 |
_2ddc _cBK _n0 |
||
| 999 |
_c1800 _d1800 |
||